Ensayos sobre el cambio social y la modernización
I tiakina i:
| Kaituhi matua: | |
|---|---|
| Hōputu: | Pukapuka |
| Reo: | Pāniora |
| I whakaputaina: |
Madrid
Tecnos
1970
|
| Rangatū: | Semilla y Surco
|
| Ngā marau: | |
| Ngā Tūtohu: |
Tāpirihia he Tūtohu
Kāore He Tūtohu, Me noho koe te mea tuatahi ki te tūtohu i tēnei pūkete!
|
MARC
| LEADER | 00000nam a2200000 a 4500 | ||
|---|---|---|---|
| 001 | UCS6231 | ||
| 003 | CL-VaPUC | ||
| 008 | 970917e19700000SP |||||||||||||||||spa|d | ||
| 082 | 0 | 4 | |a 303.44 |b EIS |2 21 |
| 100 | 0 | |a Eisenstadt, S. N |e author |9 391800 | |
| 245 | 1 | 0 | |a Ensayos sobre el cambio social y la modernización |
| 300 | |a 340 p | ||
| 942 | |c BK | ||
| 945 | |d 19970917 00:00:00 |a rleighto | ||
| 260 | |a Madrid |b Tecnos |c 1970 | ||
| 650 | 0 | |a Cambio social |9 256857 | |
| 650 | 0 | |a Sociología |9 255410 | |
| 650 | 7 | |a MODERNIZACION |2 CL-VaPUC |9 335311 | |
| 650 | 0 | |a Desarrollo político |9 323087 | |
| 650 | 7 | |a ORDEN SOCIAL |2 CL-VaPUC |9 384516 | |
| 650 | 7 | |a ORDEN POLITICO |2 CL-VaPUC |9 391801 | |
| 650 | 7 | |a ORDEN CULTURAL |2 CL-VaPUC |9 391802 | |
| 583 | |a last modification |c 19970917 00:00:00 |k Rodrigo Vera | ||
| 490 | 0 | |a Semilla y Surco | |
| 999 | |c 262178 |d 262176 | ||
| 952 | |0 0 |1 0 |4 0 |6 303_440000000000000_EIS_1970 |7 0 |8 A |9 290402 |a BIBHIS |b BIBHIS |d 2019-11-19 |i 3350983 |o 303.44 EIS 1970 |p 3350983 |r 2025-01-20 |w 2019-11-19 |y BK |k HIS | ||
| 952 | |0 0 |1 0 |4 0 |6 303_440000000000000_EIS_1970 |7 0 |8 A |9 290403 |a BIBGIM |b BIBGIM |d 2019-11-19 |i 4005724 |o 303.44 EIS 1970 |p 4005724 |r 2025-01-15 |w 2019-11-19 |y BK |k GIM | ||